000 00634ngm a2200277 a 4500
003 OSt
005 20251020182659.0
008 240217s9999 xx 000 0 und d
040 _aPE SENCICO BE
040 _cPE SENCICO BE
041 _aspa
082 _aH041
245 0 _aSistema NTSC /
245 0 _cCESPAC
260 _aMéxico, D.F.
260 _bCESPAC
260 _cNo precisa
300 _a1 VIDEO
300 _bson., Col.
300 _c1 hora
520 _astabilo institucional, stabilo carbothelo, Stabilo aquatico
650 _aSISTENA NTSC
651 _aPERÚ
910 _aila.
942 _cVID
_2ddc
999 _c4771
_d4771